000 03866nam a22004098i 4500
001 BRILL9789004504615
003 nllekb
005 20260415154324.0
006 m d
007 cr un uuuua
008 230524s2023 gw sb 001 0 eng d
020 _a9789004504615
_q(electronic book)
020 _z9789004504608
_q(print)
024 7 _a10.1163/9789004504615
_2DOI
040 _aNL-LeKB
_cNL-LeKB
_erda
041 _aeng
050 4 _aAM7
072 7 _aPDX
_2bicssc
072 7 _aSCI
_x034000
_2bisacsh
082 0 4 _a069
_223
100 1 _aGauvin, Jean-François,
_eauthor.
245 1 0 _aInstruments of Knowledge :
_bFinding Meaning in Objects, Habits, and Museums /
_cJean-François Gauvin.
246 3 _aFinding Meaning in Objects, Habits, and Museums
300 _a1 online resource (288 pages) :
_billustrations.
490 1 _aNuncius Series ;
_v12
504 _aIncludes bibliographical references and index.
505 0 _tAcknowledgments -- List of Illustrations -- Introduction -- 1 A Short Case Study: The Early Académie royale des sciences in Paris -- 2 Reading This Book -- Part 1: Organum -- Introduction -- 1 Quid organum erat? The Idea of Instrument in Early Modern Europe -- 1 Organum scientiae: Definitions and Examples -- 2 Organ-ization of Knowledge -- 2 Organ Making and Natural Philosophical Knowledge in Marin Mersenne's Harmonie Universelle -- 1 Mersenne's Seven Books on Instruments in the Harmonie universelle -- 2 The Organ and Mersenne's Epistemology of Natural Philosophical Knowledge -- 3 Musical Instruments and the 'parfait musicien' -- Part 2: Habitus -- Introduction -- 3 Habitus in corpore, habitus in anima: Making and Thinking in Early Modern Europe -- 1 Defining habitus in Early Modern Europe -- 2 Habitus and Descartes's Logic of Practice -- 3 Habitus and the Concept of Knowledge Production -- 4 Blaise Pascal, coutume, and the Arithmetical Machine -- 4 From idiotae to artistes: Artisans, Instruments, and the Nature of Craftsmanship in Early Modern Europe -- 1 Descartes, Artisans, and âmes réglées -- 2 Who Assists Whom: The Structural Dynamic of Artisan and Savant Interactions -- 3 From artiste to Toyware Manufacturing -- Part 3: Museum -- Introduction -- 5 Repair, Restoration, Exhibition: Instruments and the Epistemic Value of Brokenness -- 1 Restorer v. Conservator: How to 'Repair' Damaged Instruments? -- 2 Reconstruction and Restoration: Abbé Nollet's Scientific Instruments -- 3 Identity, Integrity, Authenticity: Between the Unit of the Total and the Unit of the Whole -- 4 Reuse and Recycle: Exhibiting the DIY of Scientists and Craftsmen -- 6 Instrument Trajectories: Ways of Knowing the World -- 1 Collecting Instruments -- 2 Knowing Through Playing -- 3 Digitizing Collections -- Epilogue -- Bibliography -- Index.
520 _aIn a bid to claim 'scientific objects' as requiring a significant amount of conceptual labor, this book looks sequentially at instruments, habits, and museums. The goal is to uncover how, together, these material and immaterial activities, rules, and commitments form one meaningful and credible blueprint revealing the building blocks of knowledge production. They serve to conceptualize and examine the entire life of an instrument: from its ideation and craft to its use, reuse, circulation, recycling, and (if not obliterated) its final entry into a museum. It is such an epistemological triptych that guides this investigation.
546 _aEnglish
650 0 _aMuseum techniques.
650 0 _aMuseums
_xPhilosophy.
650 0 _aMuseums
_xSocial aspects.
776 0 8 _iPrint version:
_tInstruments of Knowledge : Finding Meaning in Objects, Habits, and Museums.
_dLeiden ; Boston : Brill, 2023.
_z9789004504608
830 0 _aNuncius Series ;
_v12.
856 4 _uhttp://dx.doi.org/10.1163/9789004504615
942 _2ddc
_cE-BOOK
999 _c49424
_d49424